000 00701nam0a22002291 4500
001 RU\NLR\BIBL_A\022843646
005 20260628210250.0
035 _a(NLR Aleph) 022843646
090 _a13745793
_c13745793
100 _a20260625d1988 y0rusy50 ca
101 0 _arus
_ceng
102 _aRU
105 _ay z|||000ay
200 1 _aОгнепоклонники
_eРоман
_fБапси Сидхва
_gПер. с англ. М. Салганик
210 _aМ.
_cИзвестия
_d1988
215 _a256 с.
700 1 _aСидхва
_bБ.
_gБапси
_4070
852 _aNLR
_bОЛСАА-сл-спр
_j2-3079
942 _cBOOK
980 1 _aSL_SPR
980 _aNB